00207nam a2200073Ia 4500008004100000082000800041100001200049245007200061240331s9999 xx 000 0 und d bNEA aNead, L 0aMyths of sexuality :brepresentations of women in victorian Britain